|
|
|
|
| LEADER |
00000ny a22000003n 4500 |
| 005 |
20110621121533.0 |
| 008 |
050520s2006 po k 000 0 por |
| 020 |
|
|
|a 9789727490578
|
| 035 |
|
|
|a 1820
|
| 040 |
|
|
|a DLC
|c DLC
|d vLex
|
| 050 |
0 |
0 |
|a KKQ1804
|b .L454 2005
|
| 050 |
0 |
0 |
|a KKQ1804
|b .L454 2005
|
| 090 |
|
|
|c 933
|d 933
|
| 100 |
1 |
|
|a Leitó, Helder Martins
|
| 245 |
1 |
0 |
|a Formalismo do processo especial
|h [Recurso electrn̤ico]
|b fr̤mulas, comentr̀io, apoio normativo, bibliografia /
|c Helder Martins Leitó.
|
| 250 |
|
|
|a 3{487}a ed.
|
| 256 |
|
|
|a Servicio en ln̕ea
|
| 260 |
|
|
|a Porto :
|b Almeida & Leitó,
|c 2006
|
| 300 |
|
|
|a 452 p. :
|b forms ;
|c 23 cm.
|
| 506 |
1 |
|
|a Contenido solo disponible en los productos indicados
|d vLex Global
|d vLex Global (Academic Edition, excluding Law Schools)
|d vLex Global (U.S. Academic Edition, Law Schools)
|d vLex Global (U.S. Academic Edition, excluding Law Schools)
|d vLex Global (Academic Edition, Law Schools)
|
| 650 |
0 |
4 |
|a Procedimiento civil
|z Portugal
|
| 740 |
0 |
|
|a vLex Libros (Servicios en ln̕ea)
|
| 856 |
4 |
0 |
|u http://vlex.com/source/1820
|z Acceso restringido
|
| 942 |
|
|
|c BOOK
|
| 999 |
|
0 |
|a Civil procedure
|z Portugal
|v Forms.
|
| 999 |
|
0 |
|a Extraordinary remedies
|z Portugal
|v Forms.
|